<?xml version='1.0' encoding='UTF-8'?>
  <record xmlns="http://www.loc.gov/MARC21/slim">
    <leader>00000cem a2200000 i 4500</leader>
    <controlfield tag="001">ocn931879962</controlfield>
    <controlfield tag="003">OCoLC</controlfield>
    <controlfield tag="005">20241012101238.9</controlfield>
    <controlfield tag="007">aj aauun</controlfield>
    <controlfield tag="008">130921s1745    ne        a     0   fre d</controlfield>
    <datafield tag="040" ind1=" " ind2=" ">
      <subfield code="a">NLGGC</subfield>
      <subfield code="b">dut</subfield>
      <subfield code="e">fobidrtb</subfield>
      <subfield code="c">NLGGC</subfield>
      <subfield code="d">QGJ</subfield>
      <subfield code="d">OCLCL</subfield>
      <subfield code="d">OCLCQ</subfield>
    </datafield>
    <datafield tag="029" ind1="0" ind2=" ">
      <subfield code="a">NLGGC</subfield>
      <subfield code="b">364404701</subfield>
    </datafield>
    <datafield tag="034" ind1="1" ind2=" ">
      <subfield code="a">a</subfield>
      <subfield code="b">115000</subfield>
    </datafield>
    <datafield tag="035" ind1=" " ind2=" ">
      <subfield code="a">(OCoLC)931879962</subfield>
    </datafield>
    <datafield tag="045" ind1="0" ind2=" ">
      <subfield code="b">d1745</subfield>
    </datafield>
    <datafield tag="084" ind1=" " ind2=" ">
      <subfield code="a">74.19</subfield>
      <subfield code="2">bcl</subfield>
    </datafield>
    <datafield tag="245" ind1="0" ind2="0">
      <subfield code="a">Carte particuliere des environs d'Avesnes Landrecy, La Capelle, Guise.</subfield>
    </datafield>
    <datafield tag="250" ind1=" " ind2=" ">
      <subfield code="a">Sur la copie de Brussel par E.H. Friex. Corrigée du nouveau en 1745.</subfield>
    </datafield>
    <datafield tag="255" ind1=" " ind2=" ">
      <subfield code="a">Schaal [ca. 1:115.000].</subfield>
    </datafield>
    <datafield tag="260" ind1=" " ind2=" ">
      <subfield code="a">A Amsterdam :</subfield>
      <subfield code="b">chez Cóvens et Mortier,</subfield>
      <subfield code="c">[1745]</subfield>
    </datafield>
    <datafield tag="300" ind1=" " ind2=" ">
      <subfield code="a">1 kaart. :</subfield>
      <subfield code="b">kopergrav. ;</subfield>
      <subfield code="c">41 x 55,5 cm.</subfield>
    </datafield>
    <datafield tag="336" ind1=" " ind2=" ">
      <subfield code="a">cartografische afbeelding</subfield>
      <subfield code="b">cri</subfield>
      <subfield code="2">rdacontent/dut</subfield>
    </datafield>
    <datafield tag="337" ind1=" " ind2=" ">
      <subfield code="a">zonder medium</subfield>
      <subfield code="b">n</subfield>
      <subfield code="2">rdamedia/dut</subfield>
    </datafield>
    <datafield tag="338" ind1=" " ind2=" ">
      <subfield code="a">vel</subfield>
      <subfield code="b">nb</subfield>
      <subfield code="2">rdacarrier/dut</subfield>
    </datafield>
    <datafield tag="500" ind1=" " ind2=" ">
      <subfield code="a">Rechtsonder genummerd: 22.</subfield>
    </datafield>
    <datafield tag="507" ind1=" " ind2=" ">
      <subfield code="a">Met schaalstok.</subfield>
    </datafield>
    <datafield tag="510" ind1="0" ind2=" ">
      <subfield code="a">Jan Werner, De Atlas der Neederlanden, nr. VIII:76</subfield>
    </datafield>
    <datafield tag="510" ind1="0" ind2=" ">
      <subfield code="a">Koeman, Atlantes Neerlandici, dl. 2,</subfield>
      <subfield code="c">p. 84 (C &amp; M 17 (22); vgl. dl. 2, p. 110 (Fri 1 (22))</subfield>
    </datafield>
    <datafield tag="651" ind1=" " ind2="7">
      <subfield code="a">Nord (Dept)</subfield>
      <subfield code="2">gtt</subfield>
      <subfield code="0">(NL-LeOCL)095955976</subfield>
    </datafield>
    <datafield tag="700" ind1="1" ind2=" ">
      <subfield code="a">Fricx, Eugene Henry,</subfield>
      <subfield code="d">1644-1730.</subfield>
      <subfield code="1">https://id.oclc.org/worldcat/entity/E39PBJvd8MgWjPRYtppDpccXVC</subfield>
    </datafield>
    <datafield tag="787" ind1="1" ind2="8">
      <subfield code="i">Ook in:</subfield>
      <subfield code="t">[Atlas des Pays Bas] sur la copie de Bruxelles par E.H. Frick.</subfield>
      <subfield code="d">Amsterdam : Covens en Mortier 1745</subfield>
    </datafield>
    <datafield tag="787" ind1="1" ind2="8">
      <subfield code="i">Ook in:</subfield>
      <subfield code="t">Atlas der Neederlanden, [ca. 1816]</subfield>
    </datafield>
    <datafield tag="936" ind1=" " ind2=" ">
      <subfield code="a">BATCHLOAD</subfield>
    </datafield>
  </record>